000 00469nam a2200169Ia 4500
003 OSt
005 20260309113634.0
008 211028s2011 xx 000 0 und d
040 _cAIMIT LIBRARY
041 _aeng
100 _aShetty, Deepika; Shetty, Annapoorna.
_g81747
_93447
110 _aBharathi Pilar.
_93448
245 _aRFID attendance recording system /
260 _aMangalore
_c2011
710 _aMedi Assist India TPA Pvt Ltd
_93449
942 _2ddc
_cPRO
999 _c217235
_d217235